Plural to Singular Quiz Stats

Quiz Updated Mar 5, 2012

Also try: Plural Blitz
Challenge
Share
Tweet
Embed
Score 0/24 Timer 04:00
2 Plays Today
Plural word Singular word % Correct
CactiCactus
96.8%
DiceDie
89.8%
OasesOasis
85.6%
EllipsesEllipsis
84.9%
MeansMeans
84.1%
StadiaStadium
83.7%
FociFocus
82.6%
MatricesMatrix
81.4%
AlumniAlumnus
81%
MediaMedium
75%
BeauxBeau
74.6%
PhenomenaPhenomenon
72.2%
Plural word Singular word % Correct
IndicesIndex
70.2%
CampiCampus
68.7%
DataDatum
64.4%
AlumnaeAlumna
59.8%
CriteriaCriterion
56.1%
LiceLouse
55.5%
CelliCello
54.8%
SpeciesSpecies
51.3%
RavioliRaviolo
30.6%
GeneraGenus
30.1%
CorporaCorpus
25.2%
KineCow
8.3%

You're not logged in!

Compare scores with friends on all Sporcle quizzes.
Join for Free
OR
Log In

You Might Also Like...

Show Comments

Extras

Top Quizzes Today


Score Distribution

Your Account Isn't Verified!

In order to create a playlist on Sporcle, you need to verify the email address you used during registration. Go to your Sporcle Settings to finish the process.

Report this User

Report this user for behavior that violates our Community Guidelines.

Details: